00866nam a22001817a 4500003000900000008004100009040007100050082001900121100002400140245012500164260006400289300002600353440004100379505020900420650001600629650001900645700002000664AR-CdUCM190410b           ||||| |||| 00| 0 spa d  aMUNICIPALIDAD PROVINCIAL DEL CUSCOcBIBLIOTECA MUNICIPAL DEL CUSCO  a321.021 /bM12  aMacmahon, Arthur W.  aPractica del federalismo :bEstudios comparados entre países con sistema federal experimentado y nuevas federaciones /  aBuenos aires :bEditorial bibliográfica argentina,c1959.  a581 páginasc24 cm.  aColección de ciencias políticas.  aContenido :Los problemas del federalismo -- El federalismo y la creación de naciones -- Federalismo y libertad -- Pre requisitos del equilibrio -- Capitalismo en evolución y federalismo político ...  aFederalismo  aDescentralismo  aNaymark, Moises